000
00373nam a2200133Ia 4500
008
151001s9999||||xx |||||||||||||| ||und||
100
_a
अनुभवी तज्ञ
245
_a
उच्च रक्तदाब व निद्रानाशावर
250
_a
1
260
_b
राजेश
260
_c
-
300
_a
87
365
_b
18
999
_c
973068
_d
973065